Statistics for One Word Spelling Quiz - Hard

Click here to take the quiz!

General Stats

  • This quiz has been taken 90 times
  • The average score is 10 of 15

Answer Stats

Answer% Correct
E
100%
y
96%
j
88%
a
87%
f
81%
a
75%
j
73%
l
67%
a
56%
l
55%
j
51%
k
47%
ll
45%
ö
45%
u
44%

Score Distribution

Percentile by Number Answered

Percent of People with Each Score

Your Score History

You have not taken this quiz